[Event "Tosno Gubernator Cup Lenregion op"]
[Site "Tosno"]
[Date "2009.09.25"]
[Round "3"]
[White "Khan, Andrey"]
[Black "Zacurdajev, Mikhail"]
[Result "0-1"]
[WhiteElo "1803"]
[BlackElo "2376"]
[PlyCount "50"]
[EventDate "2009.09.24"]
[EventType "swiss"]
[EventRounds "9"]
[EventCountry "RUS"]
[SourceTitle "EXT 2022"]
[Source "ChessBase"]
[SourceDate "2021.10.06"]
[SourceVersion "1"]
[SourceVersionDate "2021.10.06"]
[SourceQuality "1"]

1. e4 e6 2. d4 d5 3. Nd2 Nc6 4. Bb5 a6 5. Bxc6+ bxc6 6. Ne2 Nf6 7. e5 Nd7 8. 0-0 c5 9. c3 a5 10. f4 g6 11. Nf3 Ba6 12. Rf2 cxd4 13. cxd4 c5 14. Be3 Be7 15. Qd2 Rc8 16. Kh1 Qb6 17. Ng5 Qb4 18. Qxb4 cxb4 19. Ng1 Nb6 20. Rc1 Nc4 21. Rfc2 0-0 22. Bf2 Nxb2 23. Rxc8 Rxc8 24. Rxc8+ Bxc8 25. N1h3 Ba6 0-1

[Event "St Petersburg FINEC IM 9th"]
[Site "St Petersburg"]
[Date "2009.02.01"]
[Round "6"]
[White "Zacurdajev, Mikhail"]
[Black "Frolochkin, Vladimir"]
[Result "1-0"]
[WhiteElo "2382"]
[BlackElo "2336"]
[PlyCount "75"]
[EventDate "2009.01.28"]
[EventType "tourn"]
[EventRounds "9"]
[EventCountry "RUS"]
[EventCategory "2"]
[SourceTitle "EXT 2010"]
[Source "ChessBase"]
[SourceDate "2010.11.25"]
[SourceVersion "1"]
[SourceVersionDate "2010.11.25"]
[SourceQuality "1"]

1. Nf3 d5 2. d4 Nf6 3. c4 e6 4. Nc3 Bb4 5. a3 Bxc3+ 6. bxc3 0-0 7. Bg5 dxc4 8. e4 h6 9. Bh4 g5 10. Nxg5 Nxe4 11. Nxe4 Qxh4 12. Qf3 f5 13. Nd2 c5 14. dxc5 Nd7 15. Qe3 Qg5 16. Qxe6+ Kh8 17. Be2 Nf6 18. Qd6 Re8 19. Qg3 Nd5 20. Qxg5 hxg5 21. Kf1 Nxc3 22. Bxc4 Be6 23. Bxe6 Rxe6 24. Nf3 Ne4 25. g3 Rc8 26. h4 g4 27. Ng5 Nxg5 28. hxg5+ Kg7 29. Rd1 Re7 30. Rd5 Kg6 31. Rd6+ Kg7 32. g6 Kg8 33. Rh5 Rf8 34. Rd5 f4 35. gxf4 Kg7 36. Rh7+ Kf6 37. Rd6+ Re6 38. g7 1-0

[Event "St Petersburg FINEC IM 9th"]
[Site "St Petersburg"]
[Date "2009.01.31"]
[Round "4"]
[White "Merzliakov, Evgeniy"]
[Black "Zacurdajev, Mikhail"]
[Result "0-1"]
[WhiteElo "2226"]
[BlackElo "2382"]
[PlyCount "104"]
[EventDate "2009.01.28"]
[EventType "tourn"]
[EventRounds "9"]
[EventCountry "RUS"]
[EventCategory "2"]
[SourceTitle "EXT 2010"]
[Source "ChessBase"]
[SourceDate "2010.11.25"]
[SourceVersion "1"]
[SourceVersionDate "2010.11.25"]
[SourceQuality "1"]

1. d4 Nf6 2. Nf3 e6 3. g3 c5 4. c3 d5 5. Bg2 Bd6 6. 0-0 0-0 7. b3 Nc6 8. Bb2 Qe7 9. Nbd2 Rd8 10. Rc1 cxd4 11. cxd4 Ba3 12. Qc2 Bd7 13. Rfe1 Rac8 14. Qb1 a6 15. Rcd1 Bb4 16. Qa1 Ba3 17. Qb1 Na7 18. Ne5 Be8 19. Ba1 Nb5 20. e4 Bb4 21. exd5 Nxd5 22. Qd3 Bc3 23. Nef3 Nb4 24. Qe4 Bxa1 25. Rxa1 Nc2 26. Nc4 Nxa1 27. Rxa1 Bc6 28. Qg4 Qf6 29. Rd1 Nc3 30. Rd2 Qg6 31. Qxg6 hxg6 32. Nfe5 Bxg2 33. Kxg2 Nb5 34. Nf3 f6 35. a4 Nd6 36. Nb6 Rc6 37. a5 Nb5 38. Nc4 Kf7 39. g4 Nd6 40. Nb6 Rc3 41. b4 Nc4 42. Nxc4 Rxc4 43. Rb2 Rd5 44. g5 Rb5 45. Rd2 Ke7 46. h4 Rcxb4 47. Rc2 Kd7 48. Re2 Rxa5 49. gxf6 gxf6 50. Re4 Ke7 51. Rg4 Kf7 52. Rf4 Rf5 0-1

[Event "RUS-chT2"]
[Site "Sochi"]
[Date "2008.04.05"]
[Round "3"]
[White "Zacurdajev, Mikhail"]
[Black "Iskusnyh, Sergei"]
[Result "0-1"]
[WhiteElo "2408"]
[BlackElo "2478"]
[PlyCount "76"]
[EventDate "2008.04.03"]
[EventType "team"]
[EventRounds "9"]
[EventCountry "RUS"]
[SourceTitle "CBM 123 Extra"]
[Source "ChessBase"]
[SourceDate "2008.05.06"]
[SourceVersion "1"]
[SourceVersionDate "2008.05.06"]
[SourceQuality "1"]

1. d4 Nf6 2. c4 g6 3. Nc3 Bg7 4. e4 d6 5. Nf3 0-0 6. Be2 Nbd7 7. 0-0 e5 8. Re1 Re8 9. d5 Nh5 10. Bg5 Bf6 11. Be3 Ng7 12. g4 Be7 13. Kh1 Nf6 14. Nd2 h5 15. h3 Qd7 16. f3 Nh7 17. c5 Rf8 18. cxd6 cxd6 19. Nb5 f5 20. Nxa7 Bg5 21. Bg1 hxg4 22. fxg4 Bxd2 23. Qxd2 f4 24. Nxc8 Raxc8 25. Bf3 Nh5 26. b3 Ng5 27. Kg2 Nf6 28. Bf2 Nxf3 29. Kxf3 g5 30. Rac1 Qh7 31. h4 gxh4 32. Rxc8 Rxc8 33. Qd3 h3 34. Rh1 Qg6 35. Ke2 Nxe4 36. Qxh3 Rc2+ 37. Kf1 Rc1+ 38. Ke2 Nc3+ 0-1

[Event "Petrovskaya Ladya IM2"]
[Site "Peterhof"]
[Date "2007.08.17"]
[Round "7"]
[White "Pogromsky, Mikhail"]
[Black "Zacurdajev, Mikhail"]
[Result "1/2-1/2"]
[WhiteElo "2415"]
[BlackElo "2384"]
[PlyCount "28"]
[EventDate "2007.08.13"]
[EventType "tourn"]
[EventRounds "11"]
[EventCountry "RUS"]
[EventCategory "3"]
[SourceTitle "CBM 119 Extra"]
[Source "ChessBase"]
[SourceDate "2007.09.04"]
[SourceVersion "1"]
[SourceVersionDate "2007.09.04"]
[SourceQuality "1"]

1. Nf3 Nf6 2. c4 c5 3. g3 b6 4. Bg2 Bb7 5. 0-0 g6 6. d4 cxd4 7. Qxd4 Bg7 8. Nc3 Nc6 9. Qh4 h6 10. Nd4 Qc8 11. Nxc6 dxc6 12. Rd1 g5 13. Qd4 0-0 14. Qe3 Qc7 1/2-1/2

[Event "St Petersburg White Nights op"]
[Site "St Petersburg"]
[Date "2007.07.03"]
[Round "9"]
[White "Zacurdajev, Mikhail"]
[Black "Markevich, Ilya"]
[Result "1-0"]
[WhiteElo "2384"]
[BlackElo "2022"]
[PlyCount "59"]
[EventDate "2007.06.25"]
[EventType "swiss"]
[EventRounds "9"]
[EventCountry "RUS"]
[SourceTitle "CBM 119 Extra"]
[Source "ChessBase"]
[SourceDate "2007.09.04"]
[SourceVersion "1"]
[SourceVersionDate "2007.09.04"]
[SourceQuality "1"]

1. Nf3 d5 2. g3 c5 3. c4 e6 4. Bg2 Nc6 5. 0-0 Nf6 6. b3 Be7 7. Bb2 0-0 8. e3 b6 9. Nc3 Bb7 10. Rc1 Qd7 11. d4 Rad8 12. cxd5 Nxd5 13. Nxd5 exd5 14. Qc2 Ba6 15. Rfd1 c4 16. Ne5 Nxe5 17. dxe5 Qb5 18. Qc3 cxb3 19. Bf1 Rc8 20. Bxb5 Rxc3 21. Bxa6 Rxc1 22. Rxc1 bxa2 23. Ra1 f6 24. Rxa2 fxe5 25. Bxe5 Kf7 26. Bb7 Ke6 27. Bxg7 Rf7 28. Bd4 Bd8 29. Rxa7 Kd6 30. Ra8 1-0

[Event "St Petersburg-ch"]
[Site "St Petersburg"]
[Date "2007.06.08"]
[Round "11"]
[White "Zacurdajev, Mikhail"]
[Black "Smirnov, Artem"]
[Result "1/2-1/2"]
[WhiteElo "2384"]
[BlackElo "2403"]
[PlyCount "122"]
[EventDate "2007.05.29"]
[EventType "tourn"]
[EventRounds "11"]
[EventCountry "RUS"]
[EventCategory "9"]
[SourceTitle "CBM 118 Extra"]
[Source "ChessBase"]
[SourceDate "2007.07.04"]
[SourceVersion "1"]
[SourceVersionDate "2007.07.04"]
[SourceQuality "1"]

1. Nf3 Nf6 2. c4 e6 3. g3 a6 4. Bg2 b5 5. b3 c5 6. 0-0 Bb7 7. Na3 Qb6 8. Bb2 Be7 9. d4 cxd4 10. Qxd4 Qxd4 11. Nxd4 Bxg2 12. Kxg2 Nc6 13. Rfd1 Nxd4 14. Rxd4 Rb8 15. Rc1 0-0 16. cxb5 axb5 17. Nb1 b4 18. Rc7 h5 19. Rd3 Ra8 20. Bxf6 Bxf6 21. Rdxd7 Rxa2 22. Nd2 Rb2 23. Ne4 Rxe2 24. Nxf6+ gxf6 25. Rb7 Re4 26. Rb5 Rc8 27. Rbb7 Rf8 28. Rb5 f5 29. Rdb7 Rc8 30. Rxb4 Rc2 31. Rxe4 fxe4 32. Kf1 Kg7 33. Rb4 f5 34. h4 Rb2 35. Rb7+ Kf6 36. Rb5 Ra2 37. Rc5 Rb2 38. Rb5 Ke7 39. Rb7+ Kd6 40. Rb5 Rc2 41. Ra5 Rb2 42. Rb5 e5 43. Rb6+ Kd5 44. Rf6 e3 45. Rxf5 Ke4 46. Rf8 Rb1+ 47. Ke2 Rb2+ 48. Kf1 exf2 49. Rxf2 Rxb3 50. Kg2 Rb8 51. Ra2 Kf5 52. Rf2+ Kg4 53. Re2 Rb5 54. Re4+ Kf5 55. Rc4 e4 56. Kf2 Ra5 57. Rb4 Rd5 58. Ra4 Ke5 59. Ke2 Rc5 60. Ke3 Rc3+ 61. Kf2 Rc2+ 1/2-1/2

[Event "St Petersburg-ch"]
[Site "St Petersburg"]
[Date "2007.05.31"]
[Round "3"]
[White "Matlakov, Maxim"]
[Black "Zacurdajev, Mikhail"]
[Result "1-0"]
[WhiteElo "2440"]
[BlackElo "2384"]
[PlyCount "105"]
[EventDate "2007.05.29"]
[EventType "tourn"]
[EventRounds "11"]
[EventCountry "RUS"]
[EventCategory "9"]
[SourceTitle "CBM 118 Extra"]
[Source "ChessBase"]
[SourceDate "2007.07.04"]
[SourceVersion "1"]
[SourceVersionDate "2007.07.04"]
[SourceQuality "1"]

1. d4 e6 2. c4 Nf6 3. Nf3 b6 4. a3 Bb7 5. Nc3 d5 6. cxd5 exd5 7. Bf4 Bd6 8. Bxd6 Qxd6 9. g3 a6 10. Bg2 Nbd7 11. b4 0-0 12. 0-0 Ne4 13. Qb3 Ndf6 14. Rac1 Rfe8 15. e3 Re7 16. Rc2 Ng4 17. h3 Ngf6 18. Ne5 Nxc3 19. Rxc3 Ne4 20. Rc2 f6 21. Nd3 Rae8 22. Nf4 c6 23. a4 Qd7 24. b5 axb5 25. axb5 c5 26. dxc5 Nxc5 27. Bxd5+ Kh8 28. Qc4 Bxd5 29. Qxd5 Qxb5 30. Rc4 Re5 31. Qf7 Qd7 32. Qxd7 Nxd7 33. Rc7 Nc5 34. Rb1 Na4 35. Rd1 Nc5 36. Rd6 b5 37. Rdc6 Ne4 38. Rb7 Rd8 39. g4 Rde8 40. Nh5 Rg8 41. Rcc7 Nd6 42. Nxf6 Nxb7 43. Nxg8 Nd6 44. Ne7 g6 45. Rd7 Nc4 46. Nd5 Re6 47. Rb7 Ne5 48. Rxb5 Kg7 49. Rb7+ Nf7 50. Kg2 Re5 51. Rd7 h5 52. f4 Re8 53. g5 1-0

[Event "St Petersburg-ch"]
[Site "St Petersburg"]
[Date "2007.05.30"]
[Round "2"]
[White "Zacurdajev, Mikhail"]
[Black "Solovjov, Sergey"]
[Result "0-1"]
[WhiteElo "2384"]
[BlackElo "2414"]
[PlyCount "60"]
[EventDate "2007.05.29"]
[EventType "tourn"]
[EventRounds "11"]
[EventCountry "RUS"]
[EventCategory "9"]
[SourceTitle "CBM 118 Extra"]
[Source "ChessBase"]
[SourceDate "2007.07.04"]
[SourceVersion "1"]
[SourceVersionDate "2007.07.04"]
[SourceQuality "1"]

1. d4 Nf6 2. c4 g6 3. Nc3 Bg7 4. e4 d6 5. Nf3 0-0 6. Be2 e5 7. Be3 Ng4 8. Bg5 f6 9. Bc1 f5 10. exf5 Bxf5 11. Bg5 Qe8 12. Nd5 Nc6 13. h3 Nxf2 14. Kxf2 e4 15. Nh2 Bxd4+ 16. Ke1 Bxb2 17. Rb1 Qe5 18. Qb3 Bd4 19. Bf4 Qg7 20. Nf1 e3 21. Rc1 Bc5 22. Bxe3 Nd4 23. Bxd4 Qxd4 24. Qe3 Qb2 25. Qd2 Qe5 26. Nxc7 Be4 27. Nxa8 Bxg2 28. Nc7 Bxh1 29. Qd3 Rxf1+ 30. Kxf1 Qf4+ 0-1

[Event "St Petersburg-ch"]
[Site "St Petersburg"]
[Date "2007.05.29"]
[Round "1"]
[White "Lovkov, Roman"]
[Black "Zacurdajev, Mikhail"]
[Result "1/2-1/2"]
[WhiteElo "2427"]
[BlackElo "2384"]
[PlyCount "56"]
[EventDate "2007.05.29"]
[EventType "tourn"]
[EventRounds "11"]
[EventCountry "RUS"]
[EventCategory "9"]
[SourceTitle "CBM 118 Extra"]
[Source "ChessBase"]
[SourceDate "2007.07.04"]
[SourceVersion "1"]
[SourceVersionDate "2007.07.04"]
[SourceQuality "1"]

1. e4 c5 2. Nf3 e6 3. d4 cxd4 4. Nxd4 Nc6 5. Nxc6 dxc6 6. Qxd8+ Kxd8 7. e5 Ne7 8. Nc3 Ng6 9. f4 Bb4 10. Be3 Kc7 11. 0-0-0 Bxc3 12. bxc3 b6 13. g4 h5 14. gxh5 Rxh5 15. Rg1 Bd7 16. Bd3 Be8 17. Bxg6 fxg6 18. Rd6 Rd8 19. Rxe6 Bf7 20. Re7+ Rd7 21. Rxd7+ Kxd7 22. Rg2 Rh3 23. Bd2 Ke6 24. Kb2 Kf5 25. Rg5+ Ke6 26. Rg2 Kf5 27. Be1 Rh5 28. Bd2 Bd5 1/2-1/2

[Event "St Petersburg-ch sf"]
[Site "St Petersburg"]
[Date "2007.02.17"]
[Round "8"]
[White "Zacurdajev, Mikhail"]
[Black "Shimanov, Aleksandr"]
[Result "1-0"]
[WhiteElo "2374"]
[BlackElo "2419"]
[PlyCount "63"]
[EventDate "2007.02.10"]
[EventType "swiss"]
[EventRounds "9"]
[EventCountry "RUS"]
[SourceTitle "EXT 2008"]
[Source "ChessBase"]
[SourceDate "2007.11.25"]
[SourceVersion "1"]
[SourceVersionDate "2007.11.25"]
[SourceQuality "1"]

1. d4 Nf6 2. c4 e6 3. Nc3 Bb4 4. Nf3 c5 5. g3 cxd4 6. Nxd4 Qc7 7. Bg2 Qxc4 8. 0-0 Bxc3 9. bxc3 0-0 10. Ba3 Re8 11. Qb3 Qxb3 12. axb3 d5 13. Nb5 Na6 14. Nd6 Rd8 15. c4 Nc7 16. Rfd1 Nce8 17. Nb5 b6 18. e4 Bb7 19. exd5 exd5 20. Nc3 Rd7 21. Bh3 Rdd8 22. Be7 Rdb8 23. Nxd5 Ne4 24. Bg2 N4f6 25. Bxf6 gxf6 26. Ne7+ Kf8 27. Nc6 Rc8 28. Nxa7 Rc7 29. Nb5 Rxa1 30. Rxa1 Re7 31. Bxb7 Rxb7 32. Ra8 1-0

[Event "St Petersburg-ch sf"]
[Site "St Petersburg"]
[Date "2007.02.14"]
[Round "5"]
[White "Vunder, Yakov"]
[Black "Zacurdajev, Mikhail"]
[Result "0-1"]
[WhiteElo "2242"]
[BlackElo "2374"]
[PlyCount "122"]
[EventDate "2007.02.10"]
[EventType "swiss"]
[EventRounds "9"]
[EventCountry "RUS"]
[SourceTitle "EXT 2008"]
[Source "ChessBase"]
[SourceDate "2007.11.25"]
[SourceVersion "1"]
[SourceVersionDate "2007.11.25"]
[SourceQuality "1"]

1. c4 Nf6 2. Nf3 e6 3. g3 d5 4. Bg2 dxc4 5. Qa4+ Nbd7 6. Qxc4 c5 7. Qc2 a6 8. d4 Qb6 9. dxc5 Bxc5 10. 0-0 Ng4 11. e4 Nde5 12. Nxe5 Nxe5 13. Nc3 Bd7 14. Bf4 Bd4 15. Rad1 Nc6 16. Qd2 Rd8 17. Na4 Qb5 18. Bc7 Rc8 19. Bb6 e5 20. Bxd4 Nxd4 21. Nc3 Qc5 22. Nd5 0-0 23. b4 Qd6 24. f4 f6 25. fxe5 fxe5 26. Qg5 Kh8 27. Qe7 Qxe7 28. Nxe7 Rce8 29. Nf5 Bb5 30. Rf2 Ne2+ 31. Kh1 g6 32. a4 Bxa4 33. Rd2 Bb5 34. Bf1 gxf5 35. Bxe2 Bc6 36. Kg2 Bxe4+ 37. Bf3 Bxf3+ 38. Rxf3 Re7 39. Rd5 Kg7 40. b5 Rf6 41. Re3 Rfe6 42. bxa6 bxa6 43. Kf2 Kf6 44. Ra5 Rb7 45. Re2 Rb5 46. Ra4 e4 47. Rea2 Kg5 48. h3 h5 49. R4a3 Reb6 50. Rxa6 Rxa6 51. Rxa6 Rb2+ 52. Ke3 Rb3+ 53. Kf2 h4 54. gxh4+ Kf4 55. h5 Rxh3 56. h6 Kg5 57. Ra1 Rxh6 58. Ke3 Rh3+ 59. Kd4 Kf4 60. Ra2 Rd3+ 61. Kc4 Ke3 0-1

[Event "St Petersburg-ch sf"]
[Site "St Petersburg"]
[Date "2007.02.11"]
[Round "2"]
[White "Zacurdajev, Mikhail"]
[Black "Nikolaev, Vadim S"]
[Result "1-0"]
[WhiteElo "2374"]
[BlackElo "2246"]
[PlyCount "69"]
[EventDate "2007.02.10"]
[EventType "swiss"]
[EventRounds "9"]
[EventCountry "RUS"]
[SourceTitle "EXT 2008"]
[Source "ChessBase"]
[SourceDate "2007.11.25"]
[SourceVersion "1"]
[SourceVersionDate "2007.11.25"]
[SourceQuality "1"]

1. d4 d5 2. c4 e6 3. Nc3 Nf6 4. Bg5 Be7 5. e3 Nbd7 6. cxd5 exd5 7. Bd3 c6 8. Qc2 0-0 9. Nge2 Re8 10. 0-0 Nf8 11. f3 Nh5 12. Bxe7 Qxe7 13. e4 Be6 14. e5 g6 15. f4 Ng7 16. Ng3 f5 17. exf6 Qxf6 18. Nce2 Nf5 19. Nxf5 Bxf5 20. Bxf5 gxf5 21. Rad1 Ne6 22. Rf3 Ng7 23. Rh3 Re7 24. g4 fxg4 25. Qxh7+ Kf7 26. Rh6 Qf5 27. Ng3 Qxh7 28. Rxh7 Rg8 29. f5 Re3 30. Rf1 Kf6 31. Rh6+ Kf7 32. f6 Ne6 33. Nf5 Rf3 34. Nd6+ Kf8 35. f7 1-0

[Event "St Petersburg-ch sf"]
[Site "St Petersburg"]
[Date "2007.02.10"]
[Round "1"]
[White "Goganov, Aleksey"]
[Black "Zacurdajev, Mikhail"]
[Result "1-0"]
[WhiteElo "2214"]
[BlackElo "2374"]
[PlyCount "65"]
[EventDate "2007.02.10"]
[EventType "swiss"]
[EventRounds "9"]
[EventCountry "RUS"]
[SourceTitle "EXT 2008"]
[Source "ChessBase"]
[SourceDate "2007.11.25"]
[SourceVersion "1"]
[SourceVersionDate "2007.11.25"]
[SourceQuality "1"]

1. d4 e6 2. c4 f5 3. g3 Nf6 4. Bg2 Bb4+ 5. Bd2 Bxd2+ 6. Qxd2 0-0 7. Nf3 d6 8. Nc3 Nc6 9. Rd1 Ne7 10. 0-0 Ng6 11. Qc2 Qe7 12. e4 f4 13. e5 dxe5 14. Nxe5 Nxe5 15. dxe5 Ng4 16. Qe2 Qg5 17. Rfe1 h5 18. h3 fxg3 19. fxg3 Nf2 20. Ne4 Nxe4 21. Qxe4 Qxg3 22. Re3 Qg5 23. h4 Qe7 24. Red3 Rb8 25. Qg6 Qxh4 26. Rg3 Qe7 27. Be4 Qc5+ 28. Kh1 Qxe5 29. Qh7+ Kf7 30. Rxg7+ Qxg7 31. Bg6+ Kf6 32. Rf1+ Kg5 33. Qxh5# 1-0

[Event "Baltic Sea Chess Stars"]
[Site "Narva"]
[Date "2006.11.11"]
[Round "6.1"]
[White "Jesse, Ingemars"]
[Black "Zacurdajev, Mikhail"]
[Result "1/2-1/2"]
[WhiteElo "1948"]
[BlackElo "2397"]
[PlyCount "43"]
[EventDate "2006.11.08"]
[EventType "team"]
[EventRounds "7"]
[EventCountry "EST"]
[SourceTitle "CBM 115 Extra"]
[Source "ChessBase"]
[SourceDate "2007.01.10"]
[SourceVersion "1"]
[SourceVersionDate "2007.01.10"]
[SourceQuality "1"]

1. Nf3 Nf6 2. c4 c5 3. g3 Nc6 4. d4 cxd4 5. Nxd4 d5 6. Bg2 e6 7. cxd5 exd5 8. 0-0 Be7 9. b3 Nxd4 10. Qxd4 Ne4 11. Bf4 0-0 12. Be5 f6 13. Bf4 Kh8 14. Be3 Bf5 15. Qb2 Rc8 16. Nd2 Nc3 17. Nf3 Qa5 18. a3 Qa6 19. Nd4 Bg4 20. Rfe1 Bd6 21. Bf1 Be5 22. Qd2 1/2-1/2